000 00586nam a2200181Ia 4500
008 240729s9999 xx 000 0 und d
022 _a2639-5940
245 0 _aEnvironmental Pollutants & Bioavailability
260 _aUnited Kingdom
260 _bTaylor & Francis Group
650 _a Environmental pollution | Geography. Anthropology. Recreation
650 _a Environmental sciences
650 _a Environmental technology. Sanitary engineering
650 _aTechnology
856 _uhttps://doaj.org/toc/d67d1c7b2a5c40bbb6422da836b46430
942 _2ddc
942 _cDOAJEJ
999 _c69043
_d69043
945 _a1
_bMadushi Gamage
_c1
_dMadushi Gamage